[Event "Titled Tuesday intern op 02nd Apr Early"]
[Site "Chess.com INT"]
[Date "2024.04.02"]
[Round "1"]
[White "Tymrakiewicz, Rafal"]
[Black "Trost, Edvin"]
[Result "0-1"]
[WhiteElo "2135"]
[BlackElo "2434"]
[PlyCount "42"]
[EventDate "2024.04.02"]
[EventType "swiss (blitz)"]
[EventRounds "11"]
[EventCountry "USA"]
[SourceTitle "CB15_2024"]
[SourceDate "2024.04.10"]
[SourceVersion "1"]
[SourceVersionDate "2024.04.10"]
[SourceQuality "1"]

1. d4 d5 2. Bg5 f6 3. Bd2 e5 4. dxe5 fxe5 5. e4 dxe4 6. Qh5+ Ke7 7. Qxe5+ Be6 8. Nc3 Nc6 9. Qxe4 Nf6 10. Bg5 Kf7 11. Bxf6 Qxf6 12. Bc4 Re8 13. 0-0-0 Bd6 14. Nf3 Qf4+ 15. Kb1 Qxe4 16. Ng5+ Kg6 17. Ngxe4 Bxc4 18. Rxd6+ cxd6 19. Nxd6 Re6 20. Nxc4 Rf8 21. b3 Rxf2 0-1

[Event "Fagernes op"]
[Site "Fagernes"]
[Date "2024.03.30"]
[Round "8"]
[White "Audi, Ameya"]
[Black "Trost, Edvin"]
[Result "0-1"]
[WhiteElo "2378"]
[BlackElo "2432"]
[PlyCount "120"]
[EventDate "2024.03.24"]
[EventType "swiss"]
[EventRounds "9"]
[EventCountry "NOR"]
[SourceTitle "CB14_2024"]
[SourceDate "2024.04.01"]
[SourceVersion "1"]
[SourceVersionDate "2024.04.01"]
[SourceQuality "1"]

1. e4 c6 2. Nf3 d5 3. Nc3 dxe4 4. Nxe4 Nf6 5. Qe2 Nxe4 6. Qxe4 Nd7 7. Bc4 Nf6 8. Ne5 e6 9. Qe2 b5 10. Bd3 Qc7 11. a4 Bd6 12. Nxc6 b4 13. Nd4 a6 14. Nf5 Be5 15. Ne3 Bb7 16. h3 h5 17. c3 bxc3 18. bxc3 0-0 19. 0-0 Rfd8 20. Bc4 Ne4 21. Bd3 Ng5 22. f3 Bg3 23. Rb1 a5 24. Bc4 Rac8 25. Rxb7 Qxb7 26. Ba6 Qc7 27. Bxc8 Rxc8 28. Qb5 Qf4 29. d4 Rxc3 30. Nc2 Qc7 31. Bxg5 Rxc2 32. Rd1 h4 33. Qd3 Qc6 34. Bd2 Qxa4 35. Bxa5 Bf4 36. Bd2 Bxd2 37. Rxd2 Rc1+ 38. Kf2 Qa1 39. Rc2 Rxc2+ 40. Qxc2 Qxd4+ 41. Kf1 g6 42. Qc7 Qd1+ 43. Kf2 Qd4+ 44. Kf1 e5 45. Qb7 Qd1+ 46. Kf2 Qd4+ 47. Kf1 Kg7 48. Qe7 e4 49. Qxe4 Qxe4 50. fxe4 Kf6 51. Ke2 Ke5 52. Ke3 f6 53. Kf3 Kd4 54. Kf4 Kd3 55. Kf3 g5 56. Kf2 Kxe4 57. Ke2 Kf4 58. Kf2 f5 59. Kg1 Kg3 60. Kh1 f4 0-1

[Event "Kragero op"]
[Site "Kragero"]
[Date "2024.02.22"]
[Round "3"]
[White "Trost, Edvin"]
[Black "Moen, Ole Christian"]
[Result "1-0"]
[WhiteElo "2434"]
[BlackElo "2208"]
[PlyCount "67"]
[EventDate "2024.02.21"]
[EventType "swiss"]
[EventRounds "9"]
[EventCountry "NOR"]
[SourceTitle "CB09_2024"]
[SourceDate "2024.02.28"]
[SourceVersion "1"]
[SourceVersionDate "2024.02.28"]
[SourceQuality "1"]

1. d4 Nf6 2. c4 c6 3. Nf3 g6 4. g3 Bg7 5. Bg2 d5 6. 0-0 0-0 7. a4 Bf5 8. Nc3 Ne4 9. a5 Nxc3 10. bxc3 Be4 11. Qb3 Qc8 12. Ba3 Re8 13. Nd2 Bxg2 14. Kxg2 e6 15. e4 Nd7 16. Rfe1 c5 17. cxd5 cxd4 18. Nc4 Nc5 19. Qb5 Bf8 20. d6 Nd7 21. cxd4 Bg7 22. Rac1 Qc6 23. Qxc6 bxc6 24. e5 Reb8 25. Nd2 Rb5 26. Rxc6 Rxa5 27. Nc4 Ra4 28. Rc7 Rd8 29. Rb1 Nb6 30. Nxb6 axb6 31. d7 Rxd4 32. Bd6 Bf8 33. Rc8 Rxd6 34. Rxd8 1-0

[Event "Titled Tuesday intern op 13th Feb Late"]
[Site "Chess.com INT"]
[Date "2024.02.13"]
[Round "3"]
[White "Baskakov, Egor"]
[Black "Trost, Edvin"]
[Result "0-1"]
[WhiteElo "2215"]
[BlackElo "2434"]
[PlyCount "90"]
[EventDate "2024.02.13"]
[EventType "swiss (blitz)"]
[EventRounds "11"]
[EventCountry "USA"]
[SourceTitle "CB08_2024"]
[SourceDate "2024.02.21"]
[SourceVersion "1"]
[SourceVersionDate "2024.02.21"]
[SourceQuality "1"]

1. e4 e6 2. Nc3 d5 3. g3 dxe4 4. Nxe4 Bd7 5. Bg2 Bc6 6. Kf1 Nf6 7. Nxf6+ Qxf6 8. Nf3 Nd7 9. d4 h6 10. c4 0-0-0 11. Be3 Nb6 12. b3 Bc5 13. Ne5 Bxg2+ 14. Kxg2 Bxd4 15. Bxd4 c5 16. Nc6 cxd4 17. Nxa7+ Kb8 18. Nb5 d3 19. Qd2 e5 20. Rhe1 Rhe8 21. Re3 e4 22. Rae1 Qc6 23. Kg1 f5 24. f3 Re7 25. fxe4 fxe4 26. Nc3 Rde8 27. Qg2 Qc5 28. Kh1 Qd4 29. Nb5 Qf6 30. Rf1 Qg5 31. Rfe1 Qf6 32. Rf1 Qc6 33. Qd2 Nd7 34. Qa5 Qc5 35. Rfe1 Nf6 36. b4 b6 37. bxc5 bxa5 38. Nd6 Ng4 39. Rxe4 Nf2+ 40. Kg2 Nxe4 41. Rb1+ Kc7 42. Nxe8+ Rxe8 43. Rd1 d2 44. Kf3 Kc6 45. Ke3 Nc3+ 0-1

[Event "Titled Tuesday intern op 09th Jan Early"]
[Site "Chess.com INT"]
[Date "2024.01.09"]
[Round "4"]
[White "Madaminov, Mukhiddin"]
[Black "Trost, Edvin"]
[Result "0-1"]
[WhiteElo "2488"]
[BlackElo "2418"]
[PlyCount "62"]
[EventDate "2024.01.09"]
[EventType "swiss (blitz)"]
[EventRounds "11"]
[EventCountry "USA"]
[SourceTitle "CB03_2024"]
[SourceDate "2024.01.17"]
[SourceVersion "1"]
[SourceVersionDate "2024.01.17"]
[SourceQuality "1"]

1. e4 e6 2. d4 d5 3. exd5 exd5 4. Nf3 Nc6 5. Nc3 Bb4 6. Bd3 Nge7 7. 0-0 Bg4 8. a3 Bxc3 9. bxc3 f6 10. h3 Bf5 11. Bxf5 Nxf5 12. Qd3 Qd7 13. Re1+ Kf7 14. c4 Rhe8 15. Rxe8 Rxe8 16. cxd5 Qxd5 17. c4 Qe4 18. Qxe4 Rxe4 19. Bb2 Ncxd4 20. Nxd4 Nxd4 21. f3 Ne2+ 22. Kf2 Rxc4 23. Bxf6 Kxf6 24. Kxe2 Rc2+ 25. Kf1 b5 26. Rb1 a6 27. a4 bxa4 28. Rb4 a3 29. Rf4+ Kg5 30. Rg4+ Kf5 31. Ra4 a2 0-1

[Event "Titled Tuesday intern op 09th Jan Early"]
[Site "Chess.com INT"]
[Date "2024.01.09"]
[Round "5"]
[White "Rohit, Krishna S"]
[Black "Trost, Edvin"]
[Result "1-0"]
[WhiteElo "2410"]
[BlackElo "2418"]
[PlyCount "227"]
[EventDate "2024.01.09"]
[EventType "swiss (blitz)"]
[EventRounds "11"]
[EventCountry "USA"]
[SourceTitle "CB03_2024"]
[SourceDate "2024.01.17"]
[SourceVersion "1"]
[SourceVersionDate "2024.01.17"]
[SourceQuality "1"]

1. e4 e6 2. Nf3 d5 3. Nc3 d4 4. Ne2 c5 5. c3 Nf6 6. cxd4 cxd4 7. Nexd4 Nxe4 8. Bb5+ Bd7 9. Qe2 Bxb5 10. Nxb5 Nf6 11. 0-0 Nc6 12. d4 Be7 13. Bf4 0-0 14. Rfd1 a6 15. Nc3 Nd5 16. Bg3 Bf6 17. Ne5 Nxc3 18. bxc3 Bxe5 19. Bxe5 Nxe5 20. Qxe5 Rc8 21. Rd3 Qc7 22. Qg5 Rfd8 23. Rg3 g6 24. h4 Rd5 25. Qe3 b5 26. a4 h5 27. axb5 axb5 28. Rf3 Qd8 29. g3 Rc7 30. Qf4 Rf5 31. Qe4 Qd5 32. Ra8+ Kg7 33. Qxd5 Rxd5 34. Rb8 Ra7 35. Kf1 Ra2 36. Rb7 Rf5 37. Rxf5 gxf5 38. Rxb5 Rc2 39. Rc5 Kf6 40. Kg2 Rd2 41. Rc8 Rc2 42. Kf3 Rc1 43. Ke2 Rc2+ 44. Ke3 Rc1 45. c4 Re1+ 46. Kd2 Rf1 47. Ke2 Rc1 48. Rc6 Rc2+ 49. Ke3 Rc3+ 50. Kd2 Rf3 51. Ke2 Rc3 52. c5 Rc2+ 53. Ke3 Kg7 54. Rd6 Rc3+ 55. Kf4 Rc2 56. f3 Rc3 57. Rd8 Kf6 58. Rd7 Rc4 59. Ke3 Rc3+ 60. Ke2 Rc2+ 61. Kd3 Rf2 62. c6 Rxf3+ 63. Kd2 Rf2+ 64. Ke3 Rc2 65. c7 Rc3+ 66. Kd2 Rc4 67. Kd3 Rc1 68. Ke3 Rc3+ 69. Kd2 Rc4 70. Ke2 Rc1 71. Kd3 Rc6 72. d5 exd5 73. Rd6+ Rxd6 74. c8Q Re6 75. Qg8 Re4 76. Qg5+ Ke6 77. Qxh5 Rg4 78. Qh6+ f6 79. Qe3+ Kf7 80. Qf3 Kg6 81. Ke2 d4 82. Kf2 Re4 83. Qd3 Rg4 84. Qc4 Kg7 85. Qd5 Kg6 86. Qg8+ Kh6 87. Qf7 Rg6 88. Kf3 d3 89. Qd7 f4 90. Kxf4 d2 91. Qxd2 f5 92. Kxf5+ Kh7 93. Qd7+ Kh6 94. Qd8 Kh7 95. Qh8+ Kxh8 96. Kxg6 Kg8 97. g4 Kh8 98. g5 Kg8 99. Kh6 Kh8 100. g6 Kg8 101. g7 Kf7 102. Kh7 Kf6 103. g8Q Ke5 104. Qf7 Kd4 105. Qe6 Kc3 106. Qd5 Kb4 107. Qc6 Ka3 108. Qb5 Ka2 109. Kg6 Ka1 110. Kf5 Ka2 111. Ke4 Ka1 112. Kd3 Ka2 113. Kc2 Ka1 114. Qb2# 1-0

[Event "Titled Tuesday intern op 09th Jan Early"]
[Site "Chess.com INT"]
[Date "2024.01.09"]
[Round "3"]
[White "Trost, Edvin"]
[Black "Leschinsky, Gary"]
[Result "1-0"]
[WhiteElo "2418"]
[BlackElo "1987"]
[PlyCount "275"]
[EventDate "2024.01.09"]
[EventType "swiss (blitz)"]
[EventRounds "11"]
[EventCountry "USA"]
[SourceTitle "CB03_2024"]
[SourceDate "2024.01.17"]
[SourceVersion "1"]
[SourceVersionDate "2024.01.17"]
[SourceQuality "1"]

1. e4 c5 2. Nf3 d6 3. d4 cxd4 4. Bb5+ Bd7 5. Bxd7+ Qxd7 6. 0-0 Nf6 7. Nxd4 Nc6 8. f3 g6 9. Be3 Bg7 10. c4 0-0 11. Nc3 a6 12. Qd3 Rfc8 13. b3 Rab8 14. Rac1 e6 15. Rfd1 d5 16. cxd5 exd5 17. Nxc6 bxc6 18. exd5 Nxd5 19. Nxd5 cxd5 20. Qxd5 Qe7 21. Bc5 Qe2 22. Rd2 Rxc5 23. Rxe2 Rxd5 24. g3 h5 25. Rc6 a5 26. Kg2 Rbd8 27. Rcc2 Ra8 28. Re4 Rd3 29. Ra4 Bc3 30. f4 Bb4 31. Kh3 Re8 32. a3 Be1 33. Rb2 Rb8 34. b4 axb4 35. axb4 Rd4 36. Ra1 Bxb4 37. Rab1 Kg7 38. Rb3 Kf6 39. R3b2 Ke7 40. Kh4 f6 41. Kh3 Kd6 42. Re2 Kd7 43. Reb2 Kc8 44. Rc2+ Kd8 45. Rc6 Rd6 46. Rxb4 Rxc6 47. Rxb8+ Ke7 48. Rb7+ Ke6 49. Rb5 f5 50. Rb7 Kf6 51. Rb2 Rd6 52. Rc2 Re6 53. Rd2 Rc6 54. Kh4 Re6 55. Rd8 Re7 56. Rf8+ Kg7 57. Rc8 Re2 58. h3 Re3 59. Rc6 Kf7 60. Rb6 Kg7 61. Rb2 Kf7 62. Rg2 Kg7 63. Kg5 Kf7 64. Rg1 Kg7 65. Kh4 Kf7 66. Rc1 Kg7 67. Rb1 Kf6 68. Rb7 Rd3 69. Ra7 Re3 70. Ra6+ Kf7 71. Ra8 Rd3 72. Rh8 Re3 73. Rh7+ Kf6 74. Rd7 Rc3 75. Rd6+ Kf7 76. Rb6 Re3 77. Ra6 Rf3 78. Rc6 Re3 79. Rd6 Rf3 80. Rd7+ Kf6 81. Rd8 Re3 82. Rf8+ Kg7 83. Rd8 Kf6 84. Rb8 Rd3 85. Rb6+ Kf7 86. Ra6 Re3 87. g4 hxg4 88. hxg4 fxg4 89. Kxg4 Re6 90. Ra7+ Kf6 91. Ra8 Re4 92. Rf8+ Kg7 93. Rc8 Rb4 94. Rc5 Rb6 95. Kg5 Rb7 96. Rc6 Rb5+ 97. Kg4 Rb7 98. Ra6 Rf7 99. Kg5 Rf5+ 100. Kg4 Kh6 101. Ra7 Rc5 102. Ra8 Rc1 103. Rh8+ Kg7 104. Rd8 Rg1+ 105. Kf3 Kf6 106. Rd6+ Kf7 107. Ra6 Rc1 108. Kg4 Rg1+ 109. Kh4 Rg2 110. Ra8 Ke6 111. Rf8 Rg1 112. Rg8 Kf5 113. Rf8+ Ke4 114. Kh3 Rf1 115. Kg3 Rg1+ 116. Kf2 Rg4 117. Rg8 Rxf4+ 118. Kg3 Rf6 119. Kg4 Ke5 120. Kg5 Rf5+ 121. Kxg6 Rf1 122. Re8+ Kd6 123. Ra8 Kc7 124. Ra3 Kb6 125. Rc3 Rg1+ 126. Kf5 Re1 127. Rd3 Kc5 128. Rd8 Kc6 129. Rc8+ Kd7 130. Rc2 Re3 131. Kf4 Re1 132. Kf3 Re5 133. Rc1 Re6 134. Kf4 Ke7 135. Kf5 Rf6+ 136. Kg5 Re6 137. Ra1 Re1 138. Rxe1+ 1-0

[Event "Titled Tuesday intern op 09th Jan Early"]
[Site "Chess.com INT"]
[Date "2024.01.09"]
[Round "6"]
[White "Trost, Edvin"]
[Black "Mahdavi, Reza"]
[Result "0-1"]
[WhiteElo "2418"]
[BlackElo "2312"]
[PlyCount "76"]
[EventDate "2024.01.09"]
[EventType "swiss (blitz)"]
[EventRounds "11"]
[EventCountry "USA"]
[SourceTitle "CB03_2024"]
[SourceDate "2024.01.17"]
[SourceVersion "1"]
[SourceVersionDate "2024.01.17"]
[SourceQuality "1"]

1. d4 Nf6 2. c4 e6 3. Nc3 d5 4. cxd5 Nxd5 5. e4 Nxc3 6. bxc3 c5 7. Nf3 cxd4 8. cxd4 Bb4+ 9. Bd2 Bxd2+ 10. Qxd2 0-0 11. Bc4 Nd7 12. 0-0 b6 13. Rfe1 Bb7 14. Rad1 Rc8 15. Bb3 Re8 16. Qf4 Qc7 17. Qg4 h6 18. Re3 b5 19. Rde1 a5 20. d5 Nf6 21. Qh4 exd5 22. e5 Ne4 23. a4 bxa4 24. Bxa4 Bc6 25. Bxc6 Qxc6 26. Nd4 Qb6 27. Nf5 Qe6 28. Nd6 Qxe5 29. Nxc8 Rxc8 30. f3 Qd4 31. Kh1 g5 32. Rxe4 dxe4 33. Qxe4 Qxe4 34. fxe4 Ra8 35. Ra1 a4 36. Ra3 Kg7 37. Kg1 Kf6 38. Rxa4 Rxa4 0-1

[Event "Rilton Cup 51st"]
[Site "Stockholm"]
[Date "2024.01.03"]
[Round "7"]
[White "Blomqvist, Erik"]
[Black "Trost, Edvin"]
[Result "1/2-1/2"]
[WhiteElo "2521"]
[BlackElo "2434"]
[PlyCount "88"]
[EventDate "2023.12.27"]
[EventType "swiss"]
[EventRounds "9"]
[EventCountry "SWE"]
[SourceTitle "CB02_2024"]
[SourceDate "2024.01.10"]
[SourceVersion "1"]
[SourceVersionDate "2024.01.10"]
[SourceQuality "1"]

1. e4 c5 2. Nf3 Nc6 3. Bb5 g6 4. Bxc6 bxc6 5. 0-0 Bg7 6. Re1 Qc7 7. c3 d6 8. h3 Nf6 9. d4 cxd4 10. cxd4 0-0 11. Nc3 c5 12. Bg5 cxd4 13. Nxd4 Bb7 14. Qd2 Rac8 15. Bh6 Bxh6 16. Qxh6 Qb6 17. Qd2 Rc4 18. Rad1 Rfc8 19. Re3 R8c5 20. Qe1 Rc7 21. Red3 Qc5 22. Qe3 a6 23. Qe2 Kg7 24. Qe3 Qh5 25. f3 Rc8 26. Nde2 Nd7 27. Nd5 Qe5 28. Nec3 Bxd5 29. Rxd5 Qe6 30. Ra5 R8c6 31. Ne2 Qf6 32. Nd4 Rb6 33. b3 Rc8 34. Qe2 Nc5 35. Qd2 h5 36. Nc2 Nb7 37. Ra4 Qc3 38. Ne3 Qxd2 39. Rxd2 Rc1+ 40. Kf2 Nc5 41. Ra3 Rc6 42. h4 Kf8 43. Ke2 Ne6 44. Nd5 R1c5 1/2-1/2

[Event "Rilton Cup 51st"]
[Site "Stockholm"]
[Date "2024.01.02"]
[Round "6"]
[White "Trost, Edvin"]
[Black "Kulaots, Kaido"]
[Result "1-0"]
[WhiteElo "2434"]
[BlackElo "2524"]
[PlyCount "99"]
[EventDate "2023.12.27"]
[EventType "swiss"]
[EventRounds "9"]
[EventCountry "SWE"]
[SourceTitle "CB02_2024"]
[SourceDate "2024.01.10"]
[SourceVersion "1"]
[SourceVersionDate "2024.01.10"]
[SourceQuality "1"]

1. d4 Nf6 2. c4 e6 3. Nf3 d5 4. g3 Bb4+ 5. Bd2 Be7 6. Bg2 0-0 7. 0-0 Nbd7 8. Bc3 Ne4 9. a4 a5 10. Nbd2 f5 11. Nxe4 dxe4 12. Nd2 c5 13. Nb3 Qc7 14. Qc2 e5 15. d5 Nf6 16. f3 exf3 17. exf3 Bd6 18. Rae1 Bd7 19. Nc1 Rae8 20. b3 b6 21. Qb2 f4 22. gxf4 exf4 23. Nd3 Bf5 24. Ne5 Nd7 25. Nc6 Nb8 26. Nxb8 Rxb8 27. Rf2 Rbe8 28. Rfe2 Qf7 29. Bf1 Rxe2 30. Qxe2 Qh5 31. Kh1 Qg6 32. Ba1 h6 33. Qb2 Rf7 34. Qd2 Rf8 35. Bd3 Qf7 36. Rg1 g5 37. Qc3 Qh7 38. Bxf5 Rxf5 39. Re1 Rf7 40. Re6 Bf8 41. Qe5 Rg7 42. Rxb6 Qb1+ 43. Kg2 Qc2+ 44. Kg1 g4 45. Qe6+ Kh7 46. Qxh6+ Kg8 47. Qe6+ Kh7 48. Qe4+ Qxe4 49. fxe4 Rf7 50. Rf6 1-0

[Event "Titled Tuesday intern op 19th Dec Early"]
[Site "Chess.com INT"]
[Date "2023.12.19"]
[Round "7"]
[White "Trost, Edvin"]
[Black "Melikhov, Evgeny V"]
[Result "1/2-1/2"]
[WhiteElo "2434"]
[BlackElo "2192"]
[PlyCount "140"]
[EventDate "2023.12.19"]
[EventType "swiss (blitz)"]
[EventRounds "11"]
[EventCountry "USA"]
[SourceTitle "CB52_2023"]
[SourceDate "2023.12.27"]
[SourceVersion "1"]
[SourceVersionDate "2023.12.27"]
[SourceQuality "1"]

1. e4 e5 2. Nf3 Nc6 3. Bc4 Nf6 4. d3 Be7 5. 0-0 0-0 6. a4 a5 7. h3 d6 8. Re1 Be6 9. Nbd2 Bxc4 10. Nxc4 Qd7 11. c3 Rfe8 12. Qb3 b6 13. Bg5 h6 14. Bxf6 Bxf6 15. Ne3 g6 16. Nd5 Bg7 17. Rad1 Ne7 18. Nxe7+ Qxe7 19. d4 exd4 20. cxd4 Qe6 21. Qc2 c5 22. dxc5 dxc5 23. Rd5 Rad8 24. Red1 Rxd5 25. exd5 Qd6 26. b3 Rd8 27. g3 Bd4 28. Nxd4 Qxd5 29. Re1 cxd4 30. Qd3 Qd6 31. Re4 h5 32. h4 Qc5 33. Kf1 Rd5 34. Ke2 Re5 35. Rxe5 Qxe5+ 36. Kd2 Qc5 37. Ke2 Kg7 38. f4 Qb4 39. Kf3 Qc3 40. Ke4 Qxd3+ 41. Kxd3 Kf6 42. Kxd4 Kf5 43. Kc4 Kg4 44. Kb5 Kxg3 45. Kxb6 Kxh4 46. Kxa5 Kg3 47. b4 h4 48. b5 h3 49. b6 h2 50. b7 h1Q 51. b8Q Qd5+ 52. Qb5 Qd2+ 53. Qb4 Qxf4 54. Qxf4+ Kxf4 55. Kb5 g5 56. a5 g4 57. a6 g3 58. a7 g2 59. a8Q g1Q 60. Qb8+ Kf3 61. Qb7+ Ke2 62. Qxf7 Qf2 63. Qe6+ Qe3 64. Qg4+ Qf3 65. Qg1 Qf2 66. Qb1 Qe3 67. Qa2+ Qd2 68. Qe6+ Qe3 69. Qg4+ Qf3 70. Qe6+ Qe3 1/2-1/2

[Event "Sant Boi de Llobregat op 4th"]
[Site "Sant Boi de Llobregat"]
[Date "2023.12.06"]
[Round "7"]
[White "Trost, Edvin"]
[Black "Ruiz Buendia, Miguel"]
[Result "0-1"]
[WhiteElo "2434"]
[BlackElo "2255"]
[PlyCount "96"]
[EventDate "2023.11.30"]
[EventType "swiss"]
[EventRounds "9"]
[EventCountry "ESP"]
[SourceTitle "CB50_2023"]
[SourceDate "2023.12.13"]
[SourceVersion "1"]
[SourceVersionDate "2023.12.13"]
[SourceQuality "1"]

1. e4 e5 2. Nf3 Nc6 3. Bb5 Nf6 4. d3 Bc5 5. Bxc6 dxc6 6. Nbd2 0-0 7. 0-0 Re8 8. Nc4 Nd7 9. Kh1 Bd6 10. Ng1 Nf8 11. Ne2 Ng6 12. Ng3 Be6 13. Ne3 Bf8 14. Nef5 Nh4 15. Qh5 Nxf5 16. exf5 Bd7 17. Ne4 f6 18. Be3 Qe7 19. Rg1 Qf7 20. Qf3 b6 21. g4 Be7 22. Rg3 c5 23. Rag1 h6 24. h4 Rf8 25. Qg2 Rad8 26. Bxh6 gxh6 27. g5 fxg5 28. hxg5 Bxf5 29. Qf3 Bxe4 30. Qxe4 Qh5+ 31. Kg2 Bxg5 32. Rh1 Qf7 33. Rxh6 Qxf2+ 34. Kh3 Qxg3+ 35. Kxg3 Bxh6 36. Qc6 Bf4+ 37. Kg4 Rd6 38. Qxc7 Rg6+ 39. Kh5 Rg5+ 40. Kh4 Rg7 41. Qc6 Bg5+ 42. Kh3 Bf6 43. Qe6+ Kh8 44. Qf5 Rff7 45. Qe6 Be7 46. Qd5 Rf6 47. Qa8+ Rg8 48. Qc6 Rxc6 0-1

[Event "Sant Boi de Llobregat op 4th"]
[Site "Sant Boi de Llobregat"]
[Date "2023.12.04"]
[Round "5"]
[White "Trost, Edvin"]
[Black "Habans Aguerrea, Javier"]
[Result "1/2-1/2"]
[WhiteElo "2434"]
[BlackElo "2345"]
[PlyCount "128"]
[EventDate "2023.11.30"]
[EventType "swiss"]
[EventRounds "9"]
[EventCountry "ESP"]
[SourceTitle "CB50_2023"]
[SourceDate "2023.12.13"]
[SourceVersion "1"]
[SourceVersionDate "2023.12.13"]
[SourceQuality "1"]

1. d4 Nf6 2. c4 e6 3. Nf3 d5 4. g3 c6 5. Bg2 Be7 6. 0-0 b6 7. Qc2 Bb7 8. Nbd2 0-0 9. e4 Na6 10. a3 c5 11. exd5 exd5 12. Rd1 Rc8 13. dxc5 Nxc5 14. b3 dxc4 15. Nxc4 Be4 16. Qe2 Qe8 17. Qa2 Qc6 18. Nd4 Qb7 19. f3 Bd5 20. Ne3 Ne6 21. Nxd5 Qxd5 22. Be3 Bc5 23. b4 Bxd4 24. Bxd4 Qxa2 25. Rxa2 Nxd4 26. Rxd4 Rc1+ 27. Kf2 g6 28. Rad2 Kg7 29. h3 Rfc8 30. f4 Ra1 31. R4d3 h5 32. Re3 Rc4 33. Kf3 a5 34. bxa5 bxa5 35. Rdd3 Ra4 36. Rb3 h4 37. f5 gxf5 38. gxh4 Kg6 39. Red3 Rxh4 40. Kg3 Ra4 41. Bc6 Rc4 42. Bb5 Rc2 43. a4 Rg1+ 44. Kf4 Rg5 45. Rd6 Rg1 46. Rf3 Rc5 47. Ra6 Rd5 48. Rxa5 Rd4+ 49. Ke3 Rd5 50. Ra7 Re5+ 51. Kd3 Rd1+ 52. Kc2 Rg1 53. Bc4 Rc5 54. Kb3 Ne4 55. Bxf7+ Kf6 56. Kb4 Rc8 57. Bb3 Rb8+ 58. Ka3 Nd2 59. Rd3 Ra1+ 60. Kb2 Nxb3 61. Rxb3 Rb1+ 62. Kxb1 Rxb3+ 63. Kc2 Rxh3 64. Kd2 Ke5 1/2-1/2

[Event "Sant Boi de Llobregat op 4th"]
[Site "Sant Boi de Llobregat"]
[Date "2023.12.01"]
[Round "2"]
[White "Fedoseev, Vladimir1"]
[Black "Trost, Edvin"]
[Result "1-0"]
[WhiteElo "2683"]
[BlackElo "2440"]
[PlyCount "73"]
[EventDate "2023.11.30"]
[EventType "swiss"]
[EventRounds "9"]
[EventCountry "ESP"]
[SourceTitle "CB50_2023"]
[SourceDate "2023.12.13"]
[SourceVersion "1"]
[SourceVersionDate "2023.12.13"]
[SourceQuality "1"]

1. d4 d5 2. Nf3 Nf6 3. c4 e6 4. cxd5 exd5 5. Qc2 c6 6. Bg5 Be7 7. e3 Ne4 8. Bxe7 Qxe7 9. Bd3 Nd7 10. Nc3 Nd6 11. 0-0 g6 12. b4 a6 13. a4 Nb6 14. b5 Nbc4 15. bxc6 bxc6 16. e4 dxe4 17. Nxe4 0-0 18. Rfe1 Na5 19. Qc5 Nab7 20. Qxc6 Qd8 21. Rab1 Ra7 22. Ne5 Nxe4 23. Qxe4 Nd6 24. Qf4 Rc7 25. Rbc1 Bb7 26. h4 h5 27. Rc5 Re8 28. Re3 Rce7 29. Rg3 Re6 30. Nxg6 fxg6 31. Bxg6 Rf6 32. Bxe8+ Kf8 33. Qg5 Kxe8 34. Qg8+ Ke7 35. Re5+ Kd7 36. Rg7+ Kc8 37. Rc5+ 1-0

[Event "Nottinghamshire Centenary"]
[Site "Nottingham"]
[Date "2023.11.03"]
[Round "9"]
[White "Beerdsen, Thomas"]
[Black "Trost, Edvin"]
[Result "1-0"]
[WhiteElo "2496"]
[BlackElo "2442"]
[PlyCount "51"]
[EventDate "2023.10.30"]
[EventType "tourn"]
[EventRounds "9"]
[EventCountry "ENG"]
[EventCategory "6"]
[SourceTitle "Mega2024 Update 01"]
[Source "Chessbase"]
[SourceDate "2023.11.12"]
[SourceVersion "1"]
[SourceVersionDate "2023.11.12"]
[SourceQuality "1"]

1. e4 c6 2. d4 d5 3. e5 Bf5 4. h4 h5 5. Bg5 Qb6 6. Bd3 Qxd4 7. Nf3 Qg4 8. Bxf5 Qxf5 9. 0-0 e6 10. c4 Be7 11. Qb3 b6 12. cxd5 exd5 13. Nc3 Bxg5 14. Nb5 Be7 15. Nc7+ Kf8 16. Nxa8 Qc8 17. Rac1 Qb7 18. e6 f6 19. Nd4 Qxa8 20. Qg3 Qb7 21. Nf5 g5 22. hxg5 fxg5 23. Nxe7 Nxe7 24. f4 Ke8 25. f5 Qc7 26. Qxc7 1-0

[Event "Nottinghamshire Centenary"]
[Site "Nottingham"]
[Date "2023.10.31"]
[Round "3"]
[White "Trost, Edvin"]
[Black "Kanyamarala, Tarun"]
[Result "1-0"]
[WhiteElo "2442"]
[BlackElo "2329"]
[PlyCount "57"]
[EventDate "2023.10.30"]
[EventType "tourn"]
[EventRounds "9"]
[EventCountry "ENG"]
[EventCategory "6"]
[SourceTitle "Mega2024 Update 01"]
[Source "Chessbase"]
[SourceDate "2023.11.12"]
[SourceVersion "1"]
[SourceVersionDate "2023.11.12"]
[SourceQuality "1"]

1. e4 c5 2. Nf3 e6 3. d4 cxd4 4. Nxd4 a6 5. c4 Nf6 6. Nc3 Qc7 7. a3 b6 8. f4 Bb7 9. Bd3 Nc6 10. Nxc6 Qxc6 11. Qe2 Bc5 12. Be3 Bxe3 13. Qxe3 0-0-0 14. 0-0 Ng4 15. Qd4 f6 16. Nb5 Kb8 17. h3 e5 18. Qd6+ Ka8 19. a4 Nh6 20. Nc7+ Kb8 21. Nxa6+ Ka7 22. Nc7 Nf7 23. Nb5+ Ka8 24. Qa3 exf4 25. Rf2 f5 26. a5 fxe4 27. Bxe4 Qxe4 28. axb6+ Kb8 29. Nd6 1-0

[Event "Nottinghamshire Centenary"]
[Site "Nottingham"]
[Date "2023.10.30"]
[Round "2"]
[White "Willow, Jonah B"]
[Black "Trost, Edvin"]
[Result "1/2-1/2"]
[WhiteElo "2425"]
[BlackElo "2442"]
[PlyCount "82"]
[EventDate "2023.10.30"]
[EventType "tourn"]
[EventRounds "9"]
[EventCountry "ENG"]
[EventCategory "6"]
[SourceTitle "Mega2024 Update 01"]
[Source "Chessbase"]
[SourceDate "2023.11.12"]
[SourceVersion "1"]
[SourceVersionDate "2023.11.12"]
[SourceQuality "1"]

1. e4 e5 2. Nf3 Nc6 3. Bb5 a6 4. Ba4 d6 5. c3 g5 6. 0-0 Bg7 7. d4 g4 8. Ne1 exd4 9. Bxc6+ bxc6 10. cxd4 Ne7 11. Nc2 0-0 12. Ne3 f5 13. exf5 Nxf5 14. Nxf5 Bxf5 15. Nc3 h5 16. Be3 h4 17. f3 Qd7 18. Qd2 h3 19. Kh1 Rae8 20. Rae1 hxg2+ 21. Qxg2 Bd3 22. Rf2 Bxd4 23. Rd2 Bxc3 24. bxc3 Bc4 25. Rd4 Be6 26. Rg1 Qg7 27. Re4 c5 28. Qe2 Rxf3 29. Bh6 Qf7 30. Re1 Rf6 31. Rxg4+ Bxg4 32. Qxe8+ Qxe8 33. Rxe8+ Kh7 34. Bg5 Rf5 35. Bd8 Bh3 36. Re1 c6 37. Be7 Rd5 38. Kg1 Rd2 39. Re3 Bf5 40. Rf3 Kg6 41. h4 Be4 1/2-1/2